Eléments de machines (Record no. 44299)
[ view plain ]
| 000 -LEADER | |
|---|---|
| fixed length control field | 00572 a2200241 4500 |
| 037 ## - SOURCE OF ACQUISITION | |
| Stock number | 15220 |
| 100 ## - VEDETTE PRINCIPALE - NOM DE PERSONNE | |
| Personal name | Volski Dobro, V. |
| 100 ## - VEDETTE PRINCIPALE - NOM DE PERSONNE | |
| Language of a work | Fr. |
| 260 ## - PUBLICATION, DISTRIBUTION, ETC. (IMPRINT) | |
| Place of publication, distribution, etc | Paris |
| 260 ## - PUBLICATION, DISTRIBUTION, ETC. (IMPRINT) | |
| Name of publisher, distributor, etc | Mir . Moscou |
| 245 ## - TITLE STATEMENT | |
| Title | Eléments de machines |
| 260 ## - PUBLICATION, DISTRIBUTION, ETC. (IMPRINT) | |
| Date of publication, distribution, etc | 1971 |
| 300 ## - PHYSICAL DESCRIPTION | |
| Extent | 650p |
| 300 ## - PHYSICAL DESCRIPTION | |
| Other physical details | 23 cm |
| 630 ## - SUBJECT ADDED ENTRY--UNIFORM TITLE | |
| Uniform title | 62 - Ingénieurie. Art de l'ingénieur. technologie en général |
| 650 ## - SUBJECT ADDED ENTRY--TOPICAL TERM | |
| Topical term or geographic name as entry element | 6 - SCIENCES APPLIQUEES |
| 650 ## - SUBJECT ADDED ENTRY--TOPICAL TERM | |
| Topical term or geographic name as entry element | Machine : mécanique |
| 700 ## - ADDED ENTRY--PERSONAL NAME | |
| Personal name | Zablonski, K. |
| 700 ## - ADDED ENTRY--PERSONAL NAME | |
| Personal name | Mak, S. |
| 700 ## - ADDED ENTRY--PERSONAL NAME | |
| Personal name | Trad, Polonski, Valentin |
| Withdrawn status | Lost status | Damaged status | Not for loan | Location (home branch) | Sublocation or collection (holding branch) | Date acquired | Koha issues (times borrowed) | Koha full call number | Koha date last seen | Price effective from | Koha item type |
|---|---|---|---|---|---|---|---|---|---|---|---|
| Bibliothèque Universitaire Centrale | Bibliothèque Universitaire Centrale | 28/02/2009 | 621 DOB | 28/02/2009 | 28/02/2009 | Livre |